Mexico : Financial Sector Assessment Program Update; Technical Note; Financing of the Private Sector.

This technical note on financing of the private sector for Mexico describes the evolution, composition, and determinants of financing to the nonfinancial private sector in Mexico between 2000 and 2005. Equity issuance has not played an important role in financing the private sector in Mexico during...

Descrizione completa

Dettagli Bibliografici
Ente Autore: International Monetary Fund
Natura: Periodico
Lingua:English
Pubblicazione: Washington, D.C. : International Monetary Fund, 2007.
Serie:IMF Staff Country Reports; Country Report ; No. 2007/170
Accesso online:Full text available on IMF
LEADER 01652cas a2200241 a 4500
001 AALejournalIMF009299
008 230101c9999 xx r poo 0 0eng d
020 |c 5.00 USD 
020 |z 9781451825787 
022 |a 1934-7685 
040 |a BD-DhAAL  |c BD-DhAAL 
110 2 |a International Monetary Fund. 
245 1 0 |a Mexico :   |b Financial Sector Assessment Program Update; Technical Note; Financing of the Private Sector. 
264 1 |a Washington, D.C. :  |b International Monetary Fund,  |c 2007. 
300 |a 1 online resource (45 pages) 
490 1 |a IMF Staff Country Reports 
500 |a <strong>Off-Campus Access:</strong> No User ID or Password Required 
500 |a <strong>On-Campus Access:</strong> No User ID or Password Required 
506 |a Electronic access restricted to authorized BRAC University faculty, staff and students 
520 3 |a This technical note on financing of the private sector for Mexico describes the evolution, composition, and determinants of financing to the nonfinancial private sector in Mexico between 2000 and 2005. Equity issuance has not played an important role in financing the private sector in Mexico during 2000-05. The number of nonfinancial private sector issuers actually declined from 173 in 2000 to 155 at the end of 2005. The stock market displays a high level of concentration, with the top 10 companies representing close to 70 percent of market capitalization. 
538 |a Mode of access: Internet 
830 0 |a IMF Staff Country Reports; Country Report ;  |v No. 2007/170 
856 4 0 |z Full text available on IMF  |u http://elibrary.imf.org/view/journals/002/2007/170/002.2007.issue-170-en.xml  |z IMF e-Library